Polscy raperzy - Statystyki

Ogólne statystyki
  • Ten quiz został rozwiązany 981 razy
  • Średni wynik to 10 z 40
Statystyki odpowiedzi
Podpowiedż Raper % Poprawnych
Współtworzył Wzgórze Ya-Pa 3 oraz Gang Albanii Borixon
72%
Zawczynał nagrywkami w Alcomindz w wieku 14 lat, obecnie w SB Bedoes
64%
Zaczynał karierę bitwami freestylowymi oraz nawijkami w duecie "Yochimu" Quebonafide
58%
Założyciel Prosto Sokół
56%
Dla niego jest tylko jedna rzecz dla której warto żyć Peja
54%
Najstarszy polski gimbus, twórca polskiego baunsu i jedna z największych legend krajowego rapu Tede
53%
Eks freestylowiec, obecnie współwłaściciel jednej z 3 największych wytwórni Białas
52%
Jego 2 płyty stworzone z Noonem na początku wieku należą do najlepszych i najważniejszych w historii polskiego rapu Pezet
46%
Najważniejszy przedstawiciel Łodzi na rapowej mapie Polski OSTR
44%
Członek Paktofoniki, słynący ze swojego charakterystycznego głosu Fokus
39%
Znany z inteligentych tekstów pełnych przemyśleń o świecie, zazwyczaj wszystkie bity tworzy mu Webber Łona
37%
Młody G z Gdynii Belmondo
36%
Trendsetter, pod parasolem pije Cole, a jego zainteresowania to Sos, ciuchy i borciuchy Kaz Bałagane
30%
"Zwierzę", od lat daje ten klasyczny rap z Torunia Małpa
28%
Duet, słynący z pomysłowych metafor i gierek słownych Dwa Sławy
27%
Niedawno zmarły, jeden z najbardziej oryginalnych twórców w Polsce Leh
27%
Zanim zajęli się poważniejszymi tematami stworzyli nieśmiertelne "Dla mnie masz stajla" Trzeci wymiar
25%
Vienio, Włodi oraz Pelson Molesta
24%
Urodzony w Berlinie, na prawdę nazywa się Sebastian Enrique Alvarez Sentino
23%
Założyciel Alkopoligamii Ten Typ Mes
23%
Jego ".... .Nie żyje." to jedna z najlepszych polskich płyt rapowych ostatniej dekady Zeus
23%
Szef Alcomindz Koldi
21%
Kilka lat temu najlepiej zapowiadający się raper w Polsce, jego "7" to jedna z najlepszych EPek ostatnich lat, obecnie idol podstawówek Otsochodzi
21%
Ich "C30-C39" jest obecnie jedną z najdroższych polskich płyt rapowych Pro8l3m
21%
Wszedł w scenę z buta w 2014 "cozamixtapem" Kuban
20%
Brat Abradaba Joka
15%
"Polepiony", mimo że dzisiaj nie nagrywa już rapu nadal pamięta tę czerwoną sukienkę Fisz
14%
Jeden z najważniejszych zespołów w historii polskiego rapu, wśród członków Eldo oraz Jotuze Grammatik
11%
Współtworzył Warszafski Deszcz Numer Raz
10%
Elbląski mistrz rymów wielokrotnych VNM
10%
Po klęsce debiutanckiej płyty w 2003 roku zniknął, dziś uważany za jednego z najbardziej przełomowych polskich raperów Eis
9%
Przez wielu uważany za najlepszego polskiego rapera w historii, twórca Najebawszy Smarki Smark
9%
Znany z poetyckich tekstów pełnych metafor, utożsamia się z pewnym leśnym zwierzęciem Bisz
8%
Leniwy raper o leniwym flow i funkowej duszy, z upływem lat kręci coraz słabsze liczby Kuba Knap
7%
Reprezentant Elbląga, brat Wiro Flojd
5%
Autor "Gorączki W Parku Igieł" Jimson
2%
Razem z Reno stworzyli na swojej "Lavoramie" najsłynniejszy letniak w historii polskiej rapgry Ortega Cartel
2%
Pierwszy polski zespół hip hopowy, ich teledysk do "Czuje się lepiej" leciał w połowie lat 90 na TVP Trials X
2%
Współtworzył Brudne Serca Zkibwoy
2%
Opolski skład z podziemia, w składzie Pan Wanxx, Mejdej i Urbek Dinal
1%
Nie znaleziono quizów pasujących do podanych kryteriów
Rozkład punktacji
Procent ludzi z każdym wynikiem
Percentyl według liczby udzielonych odpowiedzi
Twoja historia wyników
Nie rozwiązałeś tego quizu